000 00404nam a22001697a 4500
005 20160620165257.0
008 160620b xxu||||| |||| 00| 0 eng d
020 _a81-85614-59-8
041 _aeng
082 _b8612
100 _aFrain, John
_92352
245 _aPrinciples and practice of Marketing
260 _bWheelar Publicing
_c1992
300 _a500
650 _aManagement
_9241
942 _cBK
999 _c3325
_d3324